Top 10 Countries with the longest names - Statistics

General Stats
  • This quiz has been taken 31 times
  • The average score is 7 of 10
Answer Stats
# of Letters Answer % Correct
18 Saint Kitts and Nevis
89%
21 United States of America
89%
28 Democratic Republic of the Congo
85%
28 Saint Vincent and the Grenadines
81%
18 Republic of the Congo
74%
18 United Arab Emirates
70%
27 Federated States of Micronesia
67%
18 Sao Tome and Principe
63%
22 Central African Republic
59%
20 Bosnia and Herzogovina
52%
No matching quizzes found
Score Distribution
Percent of People with Each Score
Percentile by Number Answered
Your Score History
You have not taken this quiz